00670nam a2200193Ia 450000500170000000800410001702000260005804000190008404100120010308200150011524501030013026000780023330000140031150400590032565000190038465100220040370000410042585000100046620240315103415.0140110s9999 xx 000 0 und d a9780230226241cRs 595 aLoreto College aEnglish a338.9bHUM aHuman development report 2007/2008bFighting climate change : Haman solidarity in a divided world aHoundmills, Basingstoke, Hampshire and New YorkbPalgrave Macmillanc2007 axvi,384p  aPublished for the United Nations Development Programme aClimate Change aHuman Development aUnited Nations Development Programme aLCLIB